000
00324nam a22001457a 4500
003
SGT
082
_a
617.692
_b
S21M
100
_a
Mahima
245
_a
Short Dental Implants
260
_a
Gurugram, Haryana
_b
SGT University
_c
2021
300
_a
110
650
_a
Prosthodontics
653
_a
Prosthodontics
942
_2
ddc
_c
TH
999
_c
23652
_d
23652